| 000 | 00357nam a2200133Ia 4500 | ||
|---|---|---|---|
| 005 | 20260328104248.0 | ||
| 008 | 260328s9999||||xx |||||||||||||| ||und|| | ||
| 100 | _aMills, Edward D. | ||
| 245 | 4 |
_aThe New Architecture in great britain 1946-1953 / _cEdward D. Mills |
|
| 260 | _bStandard Catalogue | ||
| 300 | _a208 p. | ||
| 650 | _aINGLATERRA | ||
| 942 | _cBK | ||
| 999 |
_c10136 _d10136 |
||